Molecular biology of the cell (Record no. 273088)

MARC details
000 -LEADER
fixed length control field 00508nam a2200181Ia 4500
005 - DATE AND TIME OF LATEST TRANSACTION
control field 20240626141036.0
008 - FIXED-LENGTH DATA ELEMENTS--GENERAL INFORMATION
fixed length control field 240126s9999 xx 000 0 und d
020 ## - INTERNATIONAL STANDARD BOOK NUMBER
International Standard Book Number 9780815341062
082 ## - DEWEY DECIMAL CLASSIFICATION NUMBER
Classification number 574.872 ALB;1 R
100 ## - MAIN ENTRY--PERSONAL NAME
Personal name Alberts, Bruce. Johnson, Alexander. Lewis, Julian etc.
245 #0 - TITLE STATEMENT
Title Molecular biology of the cell
250 ## - EDITION STATEMENT
Edition statement 5th ed.
260 ## - PUBLICATION, DISTRIBUTION, ETC. (IMPRINT)
Name of publisher, distributor, etc. Garland Science
Place of publication, distribution, etc. New York
Date of publication, distribution, etc. 2008
300 ## - PHYSICAL DESCRIPTION
Extent xxxii,1268+G.40+I-49
440 ## - SERIES STATEMENT/ADDED ENTRY--TITLE
Title NULL
650 ## - SUBJECT ADDED ENTRY--TOPICAL TERM
Topical term or geographic name as entry element Molecular,biology,cell
942 ## - ADDED ENTRY ELEMENTS (KOHA)
Koha item type PESU Books
Holdings
Date last seen Total Checkouts Full call number Accession number Old discount Volume/Issue Number Cost, replacement price Price effective from Category Lost status Damaged status Department Withdrawn status bill no. Permanent Location Current Location Shelving location Entry date Vendor Cost, normal purchase price Grants Currency symbol Conversion rate Discount Discount type
26/01/2024   574.872 ALB;1 R PU442 28 (30/06/1905) 5035.68 26/01/2024 PESU Books     EC   BA/2014/CR/002313 Central Library Central Library   24/09/2014 Allied publ. 65.00 EC POUND 107.6 18.2 Rupees

© For any Suggestions or Query, please contact the library staff @ librarian@pes.edu or Phone: +9180 2672 1983/ 2108.